<?xml version="1.0" encoding="UTF-8"?>
<record
    xmlns:xsi="http://www.w3.org/2001/XMLSchema-instance"
    xsi:schemaLocation="http://www.loc.gov/MARC21/slim http://www.loc.gov/standards/marcxml/schema/MARC21slim.xsd"
    xmlns="http://www.loc.gov/MARC21/slim">

  <leader>01174nam0a2200337 i 4500</leader>
  <controlfield tag="001">RU\NLR\BIBL_A\010944653</controlfield>
  <controlfield tag="005">20260406073849.0</controlfield>
  <datafield tag="010" ind1=" " ind2=" ">
    <subfield code="a">9785444441824</subfield>
    <subfield code="9">2000</subfield>
  </datafield>
  <datafield tag="021" ind1=" " ind2=" ">
    <subfield code="a">RU</subfield>
    <subfield code="b">15-95814</subfield>
  </datafield>
  <datafield tag="035" ind1=" " ind2=" ">
    <subfield code="a">(NILC)RuMoRGB-008095825</subfield>
  </datafield>
  <datafield tag="035" ind1=" " ind2=" ">
    <subfield code="a">(NLR Aleph) 010944653</subfield>
  </datafield>
  <datafield tag="090" ind1=" " ind2=" ">
    <subfield code="a">10763089</subfield>
    <subfield code="c">10763089</subfield>
  </datafield>
  <datafield tag="100" ind1=" " ind2=" ">
    <subfield code="a">20151225d2016    m  y0rusy50      ca</subfield>
  </datafield>
  <datafield tag="101" ind1="0" ind2=" ">
    <subfield code="a">rus</subfield>
  </datafield>
  <datafield tag="102" ind1=" " ind2=" ">
    <subfield code="a">RU</subfield>
  </datafield>
  <datafield tag="105" ind1=" " ind2=" ">
    <subfield code="a">y|||z|||000ay</subfield>
  </datafield>
  <datafield tag="200" ind1="1" ind2=" ">
    <subfield code="a">&#x421;&#x430;&#x43C;&#x44B;&#x435; &#x43A;&#x440;&#x430;&#x441;&#x438;&#x432;&#x44B;&#x435; &#x43A;&#x43E;&#x440;&#x430;&#x431;&#x43B;&#x438;</subfield>
    <subfield code="e">[&#x43F;&#x43E;&#x432;&#x435;&#x441;&#x442;&#x438;]</subfield>
    <subfield code="f">&#x42E;&#x440;&#x438;&#x439; &#x420;&#x44B;&#x442;&#x445;&#x44D;&#x443;</subfield>
  </datafield>
  <datafield tag="210" ind1=" " ind2=" ">
    <subfield code="a">&#x41C;&#x43E;&#x441;&#x43A;&#x432;&#x430;</subfield>
    <subfield code="c">&#x412;&#x435;&#x447;&#x435;</subfield>
    <subfield code="d">2016</subfield>
  </datafield>
  <datafield tag="215" ind1=" " ind2=" ">
    <subfield code="a">349, [2] &#x441;.</subfield>
    <subfield code="d">20</subfield>
  </datafield>
  <datafield tag="225" ind1="1" ind2=" ">
    <subfield code="a">&#x421;&#x434;&#x435;&#x43B;&#x430;&#x43D;&#x43E; &#x432; &#x421;&#x421;&#x421;&#x420;</subfield>
    <subfield code="i">&#x41B;&#x44E;&#x431;&#x438;&#x43C;&#x430;&#x44F; &#x43F;&#x440;&#x43E;&#x437;&#x430;</subfield>
  </datafield>
  <datafield tag="327" ind1="1" ind2=" ">
    <subfield code="a">&#x421;&#x43E;&#x434;&#x435;&#x440;&#x436;.: &#x421;&#x430;&#x43C;&#x44B;&#x435; &#x43A;&#x440;&#x430;&#x441;&#x438;&#x432;&#x44B;&#x435; &#x43A;&#x43E;&#x440;&#x430;&#x431;&#x43B;&#x438;; &#x421;&#x43B;&#x435;&#x434; &#x440;&#x43E;&#x441;&#x441;&#x43E;&#x43C;&#x430;&#x445;&#x438;; &#x41A;&#x43E;&#x433;&#x434;&#x430; &#x43A;&#x438;&#x442;&#x44B; &#x443;&#x445;&#x43E;&#x434;&#x44F;&#x442;</subfield>
  </datafield>
  <datafield tag="333" ind1=" " ind2=" ">
    <subfield code="a">12+</subfield>
  </datafield>
  <datafield tag="686" ind1="2" ind2=" ">
    <subfield code="a">&#x428;6(2=&#x427;&#x443;&#x43A;)7-4</subfield>
  </datafield>
  <datafield tag="700" ind1=" " ind2="1">
    <subfield code="8">rus</subfield>
    <subfield code="7">ca</subfield>
    <subfield code="a">&#x420;&#x44B;&#x442;&#x445;&#x44D;&#x443;</subfield>
    <subfield code="b">&#x42E;. &#x421;.</subfield>
    <subfield code="g">&#x42E;&#x440;&#x438;&#x439; &#x421;&#x435;&#x440;&#x433;&#x435;&#x435;&#x432;&#x438;&#x447;</subfield>
    <subfield code="f">1930-2008</subfield>
    <subfield code="3">RU\NLR\AUTH\7732366</subfield>
    <subfield code="9">15374</subfield>
  </datafield>
  <datafield tag="801" ind1=" " ind2="0">
    <subfield code="a">RU</subfield>
    <subfield code="b">&#x420;&#x413;&#x411;</subfield>
    <subfield code="c">20151215</subfield>
    <subfield code="g">RCR</subfield>
  </datafield>
  <datafield tag="801" ind1=" " ind2="2">
    <subfield code="a">RU</subfield>
    <subfield code="b">&#x420;&#x413;&#x411;</subfield>
    <subfield code="c">20151216</subfield>
    <subfield code="g">rcr</subfield>
  </datafield>
  <datafield tag="942" ind1=" " ind2=" ">
    <subfield code="c">BOOK</subfield>
  </datafield>
  <datafield tag="980" ind1=" " ind2=" ">
    <subfield code="a">NBR</subfield>
  </datafield>
</record>
